| 000 | 00425nam a2200145Ia 4500 | ||
|---|---|---|---|
| 008 | 231129s2013||||xx |||||||||||||| ||spa|| | ||
| 020 | _a978-958-710-903-0 | ||
| 040 | _bspa | ||
| 082 | _aCo861 L435s | ||
| 100 | _aLeal Abelardo | ||
| 245 | 0 | _aSomos las horas: antología poética | |
| 260 | _c2013 | ||
| 264 | _aBogotá Colombia : Universidad Externado de Colombia | ||
| 942 |
_2ddc _cBKS |
||
| 999 |
_c24811 _d24811 |
||